| 000 | 01765nam a2200289Ia 4500 | ||
|---|---|---|---|
| 999 |
_c6677 _d6677 |
||
| 003 | OSt | ||
| 005 | 20200507112639.0 | ||
| 008 | 191128s2003 ck a gr 000 0 spa d | ||
| 020 | _a958802546X | ||
| 040 |
_aCO-JMCR _cCO-JMCR |
||
| 041 | 0 | _aspa | |
| 082 | 0 | 4 |
_a307.098 / _bP838c |
| 100 | 1 |
_aPorras Vallejo, Oswaldo Aharón, _eautor _94067 |
|
| 245 | 1 | 0 |
_aConstrucción de un futuro para Colombia desde sus territorios / _cOswaldo Aharón Porras Vallejo, José Oswaldo Espinosa Cuervo, Hernando González Murillo, Óscar Ismael Sánchez Romero [y otros 2] |
| 246 | _aTítulo en la cubierta: Memorias Seminario Nacional, Bogotá, mayo 14-15 de 2003 | ||
| 260 |
_aBogotá : _bDepartamento Nacional de Planeación, _c2003 |
||
| 300 |
_a214 páginas : _bilustraciones en blanco y negro ; _c28 cm. |
||
| 505 | _aInstalación del seminario -- Procesos de planeación estratégica regional -- Procesos de planeación estratégica departamental -- Otras experiencias en materia de planeación estratégica en Colombia -- Experiencia internacional en materia de planeación estra | ||
| 520 | _aLa publicación de las memorias del seminario nacional: "Construcción de un futuro para Colombia desde sus territorios", realizado los días 14 y 15 de mayo de 2003 en la ciudad de Bogotá, constituye un aporte del Departamento Nacional de Planeación. | ||
| 650 | 1 | 4 |
_aProspectiva Planificación estratégica _xCongresos, reuniones _94068 |
| 650 | 2 | 4 |
_aPlanificación regional _xEntidades territoriales _94069 |
| 650 | 2 | 4 |
_aDesarrollo social _xPlanificación participativa _94070 |
| 700 | 1 |
_aEspinosa, José Oswaldo, _eautor _94071 |
|
| 700 | 1 |
_aGonzález Murillo, Hernando, ; _eautor _94072 |
|
| 710 | 1 |
_aSánchez Romero, Óscar Ismael, _94073 |
|
| 942 |
_2ddc _cBK |
||